000 00368nam a2200157Ia 4500
999 _c3828
_d3828
008 191201s2009 xx 000 0 und d
020 _a9788121902816
082 _a003
_bGUO
100 _aGupta, Prem Kumar
245 0 _aOperation Research
250 _aRep.
260 _aN.Delhi
_bS Chand and Co. Ltd.
_c2009
300 _a1395
650 _aMCA
942 _2ddc
_cBK